Every Village In Mayotte - Statistics

General Stats
  • This quiz has been taken 33 times
  • The average score is 24 of 72
Answer Stats
Rank Village Population % Correct
12 Mamoudzou 6131
93%
30 Bandraboua 2833
73%
27 Kahani 3073
67%
7 Sada 9568
67%
23 Acoua 3658
60%
10 Chiconi 6750
60%
21 Dembéni 3799
60%
2 Kawéni 17,060
60%
8 Koungou 9350
60%
25 Mtsamboro 3268
60%
44 Chirongui 1643
53%
72 Dzaoudzi 92
53%
5 Pamandzi 11,442
53%
35 Bouéni 2162
47%
6 Cavani 9740
47%
33 Kani-Kéli 2313
47%
1 Labattoir 17,739
47%
32 Mtsahara 2538
47%
3 Mtsapéré 15,880
47%
22 Ouangani 3736
47%
28 Tsingoni 3072
47%
11 Combani 6665
40%
13 Dzoumogné 6075
40%
17 M'Tsangamouji 4463
40%
16 Tsararano 4838
40%
15 Tsoundzou I 5570
40%
31 Tsoundzou II 2559
40%
63 Bambo-Est 613
33%
58 Hagnoundrou 847
33%
42 Handréma 1829
33%
29 Iloni 2970
33%
66 Mliha 495
33%
47 Mtsangadoua 1534
33%
53 Mzouazia 1159
33%
46 Sohoa 1545
33%
69 Bambo-Ouest 364
27%
18 Bandrélé 4180
27%
48 Chembényoumba 1474
27%
60 Dapani 824
27%
41 Hamjago 1899
27%
56 Kangani 1022
27%
57 Kani-Bé 948
27%
45 Mangajou 1588
27%
24 Miréréni 3364
27%
49 Mramadoudou 1423
27%
59 Mroalé 833
27%
40 M'tsamoudou 1923
27%
34 Poroani 2297
27%
39 Bouyouni 1948
20%
62 Choungui 753
20%
70 Coconi 241
20%
36 Hajangoua 2130
20%
55 Hamouro 1050
20%
52 Mtsangamboua 1304
20%
9 Passamainty 8430
20%
67 Passi-Kéli 419
20%
14 Vahibé 6067
20%
26 Barakani 3153
13%
20 Longoni 3983
13%
38 Majicavo-Lamir 2081
13%
68 Majiméouni 388
13%
61 Malamani 779
13%
71 Mbouanatsa 215
13%
65 Mbouini 524
13%
37 Ongojou 2111
13%
19 Trévani 4022
13%
50 Tsimkoura 1406
13%
4 Majicavo-Koropa 11,698
7%
51 Mréréni 1372
7%
64 Mronabéja 550
7%
43 Nyambadao 1692
7%
54 Moinatrindi 1054
0%
No matching quizzes found
Score Distribution
Percent of People with Each Score
Percentile by Number Answered
Your Score History
You have not taken this quiz